Reglamento del Ateneo Obrero de San Andrés de Palomar
Descripción Física:
15 p. ; 16 cm
MARC
| LEADER | 00000nam a2200000Ia 4500 | ||
|---|---|---|---|
| 001 | 16258 | ||
| 003 | BGR | ||
| 005 | 20260324180134.0 | ||
| 008 | 160829s1886 xx 000 0 cat d | ||
| 080 | |a 2103, exp. 5 | ||
| 110 | 2 | |a Ateneo Obrero de San Andrés de Palomar |9 70517 | |
| 245 | |a Reglamento del Ateneo Obrero de San Andrés de Palomar | ||
| 260 | |a Barcelona : |b (Imp. de Juan Tarrall), |c 1886 | ||
| 300 | |a 15 p. ; |c 16 cm | ||
| 650 | |a Ateneo Obrero de San Andrés de Palomar |x Reglaments i procediment |9 47558 | ||
| 901 | |a Arxiu | ||
| 942 | |n 1 |2 udc |c MON | ||
| 952 | |0 0 |1 0 |4 0 |6 2103_EXP_5 |7 1 |9 53962 |a Arxiu |b Arxiu |d 2016-12-01 |l 0 |o 2103, exp. 5 |p 16258 |r 2016-12-01 00:00:00 |w 2016-12-01 |y ARXIU | ||
| 999 | |c 57829 |d 57829 | ||